| 000 | 01400nam a2200301Ia 4500 | ||
|---|---|---|---|
| 005 | 20220317000559.0 | ||
| 008 | 160601s2004 sp g 000 0 und | ||
| 020 | _a8420637580 | ||
| 100 | 1 |
_aHammett, Dashiell _d1894-1961 |
|
| 245 | 1 | 3 |
_aEl halcón maltés _cDashiell Hammet ; traductror Fernando Calleja |
| 250 |
_a1a.edición _b3a. reimpresión |
||
| 300 |
_a265 páginas _c17 cm |
||
| 490 | _aEl libro de bolsillo | ||
| 505 | _aSpade y Archer -- Muerte en la niebla -- Tres mujeres -- El pájaro negro -- El hombre de los balcanes -- El espía de bolsillo -- Una G en el aire -- Cuentos chinos -- |t Brigid -- El diván del Belvedere -- El hombre gordo -- El tíovivo -- El regalo del emperador -- La paloma -- Todos los locos -- El tercer asesinato -- La noche del sábado -- La cabeza de turco -- La mano del ruso -- Si te ahorcan | ||
| 650 | 1 | 4 |
_2LEMB _aNovela estadounidense _ySiglo XX |
| 650 | 1 | 4 |
_2LEMB _aLiteratura estadounidense _ySiglo XX |
| 650 | 1 | 4 |
_2LEMB _aNovela policíaca |
| 650 | 1 | 4 |
_2LEMB _aDelincuentes en la literatura |
| 650 | 1 | 4 |
_2LEMB _aViolencia en la literatura |
| 700 | 1 |
_aCalleja, Fernando _etraductor _916139 |
|
| 942 |
_2loc _cBK |
||
| 264 |
_aMadrid _bAlianza _c2004 |
||
| 336 |
_atexto _btxt _2rdacontent |
||
| 337 |
_asin mediación _bn _2rdamedia |
||
| 338 |
_avolumen _bnc _2rdacarrier |
||
| 040 |
_aCO-BoRNBP _bspa _erda _cCO-BoRNBP |
||
| 084 | _aN HAM1 | ||
| 999 |
_c4458 _d4458 |
||